00532 2200205 4500001002100000005001700021008004100038035002600079245001300105100001300118250000600131260005500137300002300192020002200215082000800237084001000245520002800255650002400283990001900307INLIS00000000000420720191230034546.0191230| ||| | ind  a 0010-12190000000420700cLinawati0 aLinawati a1 aTiara Aksa : SurabayabTiara Aksa : Surabayac2016 a88 hlm. ;c88 hlm. a978-602-4656-46-40 a700 a745,5 aHIBAH PERPUSNAS RI 2018 0aAksesori Anak 745.5 aB2019011210021